ភ្នំសន្ទុក​ / (Record no. 4690)

MARC details
000 -LEADER
fixed length control field 01804nam a22003257a 4500
001 - CONTROL NUMBER
control field 4690
003 - CONTROL NUMBER IDENTIFIER
control field FISKH
005 - DATE AND TIME OF LATEST TRANSACTION
control field 20260313093240.0
008 - FIXED-LENGTH DATA ELEMENTS--GENERAL INFORMATION
fixed length control field 240920b cb ||||| |||| 00| 0 eng d
020 ## - INTERNATIONAL STANDARD BOOK NUMBER
International Standard Book Number 9789995088903
040 ## - CATALOGING SOURCE
Original cataloging agency FISKH
Language of cataloging Bilingual
Transcribing agency FISKH
Modifying agency FISKH
050 ## - LIBRARY OF CONGRESS CALL NUMBER
Classification number PZ7
082 ## - DEWEY DECIMAL CLASSIFICATION NUMBER
Classification number 900
100 ## - MAIN ENTRY--PERSONAL NAME
Personal name Sotheary, Kimsun
Relator term author
245 ## - TITLE STATEMENT
Title ភ្នំសន្ទុក​ /
Statement of responsibility, etc. by Kimsun Sotheary : illustrated by Thai San
250 ## - EDITION STATEMENT
Edition statement ចេញផ្សាយខែមិនាឆ្នាំ២០០៨
260 ## - PUBLICATION, DISTRIBUTION, ETC.
Place of publication, distribution, etc. ភ្នំពេញ :
Name of publisher, distributor, etc. Reading Book ;
Date of publication, distribution, etc. ២០០៨ .
300 ## - PHYSICAL DESCRIPTION
Extent 24 pages :
Other physical details color illustrations ;
Dimensions 26 cm .
490 ## - SERIES STATEMENT
Series statement ពិភពរឿងនិទាន
505 ## - FORMATTED CONTENTS NOTE
Formatted contents note P <br/><br/>
520 ## - SUMMARY, ETC.
Summary, etc. ដំណើររឿងរបស់ស្តេចមួយអង្គដែលបានបាត់បង់ព្រះអង្គម្ចាស់ក្នុងពេលបោះជំរំ ហើយព្រះអង្គបានដាក់ឈ្មោះទីកន្លែងនោះថា "ភ្នំអាសនមានតក" (រងទុក្ខនៅលើភ្នំសង្គ្រោះ) ដែលបានក្លាយជាភ្នំសន្ទុករហូតមកដល់បច្ចុប្បន្ន។
520 ## - SUMMARY, ETC.
Summary, etc. Story of a king who lost the prince during his camping and he named that place "Phnom Asorn Meantuk" (suffering in emergency mountain) which became Phnom Santuk till present .
521 8# - TARGET AUDIENCE NOTE
Target audience note 600 <br/>
Source Lexile estimate <br/>
521 8# - TARGET AUDIENCE NOTE
Target audience note P <br/><br/>
Source Raz-Plus <br/>
650 ## - SUBJECT ADDED ENTRY--TOPICAL TERM
Topical term or geographic name entry element ព្រះរាជវាំង
Form subdivision រឿងនិទានកុមារ​
650 ## - SUBJECT ADDED ENTRY--TOPICAL TERM
Topical term or geographic name entry element royal palace
Form subdivision children's stories
700 ## - ADDED ENTRY--PERSONAL NAME
Personal name San, Thai
Relator term illustrator
942 ## - ADDED ENTRY ELEMENTS (KOHA)
Source of classification or shelving scheme Dewey Decimal Classification
Koha item type Khmer Books
Suppress in OPAC No
Holdings
Withdrawn status Lost status Source of classification or shelving scheme Damaged status Not for loan Collection Home library Current library Shelving location Date acquired Total Checkouts Full call number Barcode Date last seen Copy number Price effective from Koha item type
Withdrawn   Dewey Decimal Classification Damaged   Khmer-English Bilingual / ភាសាខ្មែរ-អង់គ្លេស Footprints International School Library Network Toul Tom Poung Campus Footprints International School Library Network Toul Tom Poung Campus TTP Primary Khmer Bookshelves 09/20/2024   SOT PZ7 900 FIS04182 09/20/2024 1 09/20/2024 Khmer Books
    Dewey Decimal Classification     Khmer-English Bilingual / ភាសាខ្មែរ-អង់គ្លេស Footprints International School Library Network Toul Tom Poung Campus Footprints International School Library Network Toul Tom Poung Campus TTP Primary Khmer Bookshelves 09/16/2025   SOT PZ7 900 FIS04372 09/16/2025 2 09/16/2025 Khmer Books
    Dewey Decimal Classification     Khmer-English Bilingual / ភាសាខ្មែរ-អង់គ្លេស Footprints International School Library Network Toul Tom Poung Campus Footprints International School Library Network Toul Tom Poung Campus TTP Primary Khmer Bookshelves 10/09/2025   SOT PZ7 900 FIS04264 10/09/2025 3 10/09/2025 Khmer Books
    Dewey Decimal Classification     Khmer-English Bilingual / ភាសាខ្មែរ-អង់គ្លេស Footprints International School Library Network Toul Tom Poung Campus Footprints International School Library Network Toul Tom Poung Campus TTP Primary Khmer Bookshelves 11/10/2025   SOT PZ7 900 FIS04260 11/10/2025 4 11/10/2025 Khmer Books
    Dewey Decimal Classification     Khmer-English Bilingual / ភាសាខ្មែរ-អង់គ្លេស Footprints International School Library Network Toul Tom Poung Campus Footprints International School Library Network Toul Tom Poung Campus TTP Primary Khmer Bookshelves 11/28/2025   SOT PZ7 900 2025-4991 11/28/2025 5 11/28/2025 Khmer Books